000 00657nam a2200289Ia 4500
005 20260324120806.0
008 008 260324s9999 xx 000 0 eng d
020 _a9781315656632
037 _aEBOOK
040 _aCRL
040 _beng
040 _cCRL
041 _2eng
041 _aeng
084 _qCRL
100 _aFranco Ruffini
_91159992
245 0 _aTheatre and Boxing
245 4 _bThe Actor who Flies
260 _bTaylor and Francis
260 _c2014
365 _a
365 _b145
856 _uhttp://www.taylorfrancis.com/books/9781315656632
942 _cEBOOK
999 _c1751700
_d1751700